| 000 | 01835nam0a2200361 4500 | ||
|---|---|---|---|
| 001 | RU\NLR\bibl\1121418 | ||
| 005 | 20250615065011.0 | ||
| 010 |
_a978-5-903339-20-4 _95100 |
||
| 021 |
_aRU _b2007-47176 _92506 |
||
| 035 | _a(nilc)RSL-KNO-003146659 | ||
| 035 | _a(NLR Aleph) 001108389 | ||
| 090 |
_a1222442 _c1222442 |
||
| 100 | _a20070718d2007 |||y0rusy50 ca | ||
| 101 | 0 | _arus | |
| 102 | _aRU | ||
| 105 | _aa ||||||||| | ||
| 200 | 1 |
_aСвадебное путешествие Гиацинта _fЕлена Крыжановская _g[худож. Е. Шувалова] |
|
| 210 |
_aМосква _cЯуза-пресс [и др.] _d2007 |
||
| 215 |
_a603,[3] с., [4] л. цв. ил. _cил. _d20 |
||
| 225 | 1 | _aЯкорь надежды | |
| 327 | 1 | _aСодерж.: Свадебное путешествие Гиацинта: роман; "Будь человеком...": от автора; Ночной гость: мини-роман | |
| 610 | 0 | _aФилологические науки. Художественная литература -- Российская Федерация -- Русская литература -- с сер. 50-х гг. 20 в. -- Произведения художественной литературы -- Художественная проза -- Романы. Повести. Рассказы -- Фантастические и мистические романы, повести, рассказы. Романы ужасов | |
| 686 |
_aШ5(2=Р)75-644.5 _2rubbk |
||
| 686 | _aШ9(2)62=Р7-4 | ||
| 700 | 1 |
_aКрыжановская _bЕ. _gЕлена _4070 |
|
| 702 | 1 |
_aШувалова _bЕ. _4040 |
|
| 801 | 0 |
_aRU _bРКП _c20070718 _grcr |
|
| 801 | 1 |
_aRU _bРГБ _c20070718 |
|
| 801 | 2 |
_aRU _bNLR _c20070829 _grcr |
|
| 942 | _cBOOK | ||
| 980 | _aNB | ||